00821nam a2200217 a 450000100060000000300080000600500170001400800410003103500130007203500190008504000500010404100080015408200210016210000240018324500540020726000390026130000210030050001650032150400500048665000670053617851BD-RjUL20211209000213.0140219t1960 enk b 001 0 eng c a61-00609 a(BD-RjUL)17909 aRochester. Univ. LibrcYNGdSERdBD-RjuLbeng aeng04a821.09bWIS 19601 aWilliamson, George.10aSeventeenth century contexts /cGeorge Williamson aLondon :bFaber and Faber,cc1960. a291 p. ;c23 cm. a"These are essays, studies of seventeenth-century problems with a special twentieth-century relevance ... Donne, Milton and Dryden are the principal figures ... aincludes Bibliographical reference and index. 0aEnglish poetryyEarly modern, 1500-1700xHistory and criticism